Statistics for Biggest Cities in the European Union by Letter - V

Click here to take the quiz!

General Stats

  • This quiz has been taken 95 times
  • The average score is 9 of 20

Answer Stats

Rank Population Country Hint City % Correct
11,868,000AustriaCity of Music, Schönbrunn PalaceVienna
100%
3534,000LithuaniaJewish influence, Gediminas TowerVilnius
97%
2790,000SpainPaella, Los MurciélagosValencia
97%
7263,000ItalyCity of Canals, Rialto BridgeVenice
96%
8259,000ItalyRomeo and JulietVerona
96%
4335,000BulgariaLargest Bulgarian city on the Black SeaVarna
66%
1985,000FranceMagnificent château, Louis XIVVersailles
65%
5301,000SpainCastile and LeónValladolid
62%
6292,000SpainIn GaliciaVigo
50%
9245,000SpainEuropean Green CapitalVitoria-Gasteiz
30%
16101,000NetherlandsBorders Germany and its soccer club is called VVVVenlo
27%
10219,000FinlandSuburb of HelsinkiVantaa
27%
13147,000SwedenMälaren, name originates from Västra ArosVästerås
27%
12149,000FranceMetropolis of Lyon, best administrationVilleurbanne
23%
1890,000SwedenCarl Linneaus (Carl von Linné)Växjö
16%
2084,000GermanyEastern edge of the Black Forest, River NeckarVillingen-Schwenningen
14%
15113,000Italy"City of Palladio"Vicenza
14%
11187,000PortugalCellars with port wineVila Nova de Gaia
12%
1791,000FranceSoutheastern suburb of Paris, RER CVitry-sur-Seine
11%
14130,000GreeceCoastal port city on the Greek mainlandVolos
11%

Score Distribution

Percentile by Number Answered

Percent of People with Each Score

Your Score History

You have not taken this quiz